Get the Picture: NFC East Profiles Quiz Stats

 Plays Quiz Updated May 15, 2019

Score 0/20 Timer 02:00
1 Play Today
Question Answer Wrong Answers
Top Players All-Time
Lawrence Taylor, Eli Manning, Michael Strahan
Giants
89.1%
Cowboys
3%
Eagles
1.1%
Redskins
1.2%
Miscellaneous
Referred to as 'America's Team'
Cowboys
88.9%
Giants
2.8%
Eagles
1.2%
Redskins
1.7%
Top Players All-Time
Emmitt Smith, Randy White, Bob Lilly
Cowboys
88.6%
Giants
2.5%
Eagles
1.6%
Redskins
1.8%
Miscellaneous
Referred to as 'Big Blue'
Giants
85.9%
Cowboys
7%
Eagles
0.6%
Redskins
0.6%
Top Players All-Time
Donovan McNabb, Reggie White, Brian Dawkins
Eagles
84.1%
Cowboys
4.1%
Giants
2.6%
Redskins
3.1%
Home Stadium
MetLife Stadium
Giants
81.9%
Cowboys
3.4%
Eagles
5.5%
Redskins
3.3%
Super Bowl Record
5-3
Cowboys
81.1%
Giants
7.6%
Eagles
2.3%
Redskins
3.7%
Home Stadium
AT&T Stadium
Cowboys
78.3%
Giants
5.3%
Eagles
5.3%
Redskins
5.4%
Home Stadium
Lincoln Financial Field
Eagles
76.4%
Cowboys
3.9%
Giants
4.7%
Redskins
9%
Top Players All-Time
Darrell Green, Chris Hanburger, Charley Taylor
Redskins
74.4%
Cowboys
5.3%
Giants
7%
Eagles
7.2%
Super Bowl Record
1-2
Eagles
73.4%
Cowboys
3.9%
Giants
5.7%
Redskins
11.3%
Home Stadium
FedExField
Redskins
72.1%
Cowboys
4.6%
Giants
6.9%
Eagles
10.6%
Miscellaneous
Briefly merged with the Steelers during World War II
Eagles
70.8%
Cowboys
6.1%
Giants
9.3%
Redskins
8.1%
Most Recent Division Championship
2017
Eagles
69.3%
Cowboys
14%
Giants
6.4%
Redskins
4.5%
Super Bowl Record
4-1
Giants
61.4%
Cowboys
21.7%
Eagles
3.2%
Redskins
8.2%
Most Recent Division Championship
2011
Giants
56.8%
Cowboys
11.4%
Eagles
5.4%
Redskins
20.5%
Most Recent Division Championship
2018
Cowboys
55.7%
Giants
4.4%
Eagles
30.6%
Redskins
3.5%
Miscellaneous
Originally based in Boston
Redskins
53.5%
Cowboys
6.4%
Giants
21.6%
Eagles
12.4%
Super Bowl Record
3-2
Redskins
52.8%
Cowboys
15.8%
Giants
21.8%
Eagles
4.6%
Most Recent Division Championship
2015
Redskins
43.7%
Cowboys
17.9%
Giants
23.8%
Eagles
9.2%

Today's Daily Dose

You're not logged in!

Compare scores with friends on all Sporcle quizzes.
OR
Log In

Sporcle TV

Today on Sporcle TV


Watch our educational content, quiz creation guides, and fun videos on Sporcle TV.

Show Comments

Extras

Top Quizzes Today


Score Distribution

Your Account Isn't Verified!

In order to create a playlist on Sporcle, you need to verify the email address you used during registration. Go to your Sporcle Settings to finish the process.

Report this User

Report this user for behavior that violates our Community Guidelines.

Details: